Les vaccins obligatoires en France - Statistiques

Statistiques générales
  • Ce quiz a été pris 32 fois
  • Le résultat moyen est 3 sur 11
Answers on the Grid
Answers color-coded by a green-red scale on the quiz's grid according to % correct below.
Diphtérie
Tétanos
Poliomyélite
Grippe
Haemophilus influenzae de type b
Méningocoque B
Coqueluche
Tuberculose
Hépatite B
Variole
Rage
Pneumocoque
Méningocoque de type C
Typhoïde
Fièvre jaune
Rougeole
Papillomavirus (HPV)
Hépatite A
Oreillons
Rubéole
 
Statistiques - réponses
Réponse % Correct
Tétanos
85%
Coqueluche
40%
Diphtérie
40%
Rougeole
35%
Poliomyélite
25%
Oreillons
20%
Rubéole
20%
Haemophilus influenzae de type b
10%
Hépatite B
5%
Méningocoque de type C
0%
Pneumocoque
0%
Aucun quiz correspondant
Distribution des résultats
% des personnes avec chaque résultat
Percentile par nombre de réponses
Votre historique - résultats
Vous n’avez pas pris ce quiz